| 000 | 01220nam a2200313 a 4500 | ||
|---|---|---|---|
| 001 | 25009 | ||
| 003 | CO-ViMGA | ||
| 008 | 141112s2004 ck r 000 u spa d | ||
| 020 | _a9789589159705 | ||
| 040 |
_aCO-ViMGA _bspa _cCO-ViMGA |
||
| 041 | _aSPA | ||
| 090 | _aC GRA11 | ||
| 245 | 1 | 0 |
_aEl gran libro del lobo feroz / _ctraducido por Raquel Solá García |
| 250 | _a1a ed. | ||
| 260 |
_aBogotá : _bJuventud, _c2012 |
||
| 300 | _a120 p. : il. col. | ||
| 500 | _aTítulo original : Le grand méchant livre du loup | ||
| 505 | _aCaperucita roja / Charles Perrault ; Caperucita verde / Dominique Roussel ; Los tres cerditos ; El verdete del miedo / Anne Leviel - De Ruyver ; La cabra del señor Seguin / Alphonse Daudet ; El lobo valiente ; Pedro y el lobo / Sergei Prokofiev ; La navida | ||
| 650 | 1 | 4 |
_aCANCIONES INFANTILES _91028 |
| 650 | 1 | 4 |
_aCUENTOS CLASICOS - ADAPTACIONES _937972 |
| 650 | 1 | 4 |
_aCUENTOS CLASICOS - COLECCIONES _937973 |
| 650 | 1 | 4 |
_aCUENTOS CLASICOS - RECREACION _937974 |
| 650 | 1 | 4 |
_aDESDE LOS 3 AÑOS _937975 |
| 650 | 1 | 4 |
_aJUEGOS INFANTILES _910241 |
| 650 | 1 | 4 |
_aLOBOS - CUENTO _937976 |
| 650 | 1 | 4 | _aRIMAS INFANTILES |
| 700 | 1 |
_aSolÓ García, Raquel _937977 |
|
| 942 |
_2ddc _cBK |
||
| 999 |
_c2569 _d2569 |
||